Kilometerlange Staus in Slubice und auf der Autobahn (Titelsatznr. 372913)
[ MARC ]
| 000 -Satzkennung | |
|---|---|
| Kontrollfeld mit fester Länge | 00755nab a2200181 4500 |
| 001 - Kontrollnummer | |
| Kontrollfeld | 244442 |
| 003 - Kontrollnummer Identifier | |
| Kontrollfeld | OSt |
| 005 - Datum und Zeit der letzten Transaktion | |
| Kontrollfeld | 20240111083241.0 |
| 007 - Feld mit fester Länge zur physischen Beschreibung - Allgemeine Information | |
| Kontrollfeld mit fester Länge | tu |
| 008 - Feld mit fester Länge zur physischen Beschreibung - Allgemeine Angaben | |
| Kontrollfeld mit fester Länge | 200917s2020||||||| |
| 040 ## - Katalogisierungsquelle | |
| Original-Katalogisierungsstelle | DE-2950 |
| Übertragungsstelle | DE-2950 |
| 245 00 - Titel | |
| Titel | Kilometerlange Staus in Slubice und auf der Autobahn |
| Zusatz zum Titel | Verkehr. Das Jahr beginnt in Slubice und Swiecko mit stundenlangem Warten. Reiserückkehrer treffen auf Berufspendler und LKQW, hinzu kommen ein Unfall und die Grenzkontrollen. In der Nachbarstadt üben sich die Menschen derweil in Sarkasmus/ |
| Verfasserangabe etc. | Thomas Gutke, Lisa Mahlke |
| 264 ## - Produktion, Veröffentlichung, Distribution, Herstellung und Urheberrechtsvermerk | |
| Datum der Herstellung, der Veröffentlichung, des Vertriebs oder des Urheberschutzvermerks | 2023 |
| 653 ## - Indexierungsterm - Nicht normiert | |
| Nicht-normierter Term | Frankfurt (Oder) / Slubice |
| 653 ## - Indexierungsterm - Nicht normiert | |
| Nicht-normierter Term | Grenzkontrollen |
| 773 0# - Übergeordnete Einheit | |
| Verknüpfungsangaben | 35. Jahrgang (2024) Nr. 3 vom 04.01.2024, S. 13, mit Foto |
| Titel | Märkische Oderzeitung |
| 942 ## - Zusätzliche Felder (Koha) | |
| Klassifikation oder Aufstellungssystematik | Andere/Generische Klassifikation |
| Koha-Medientyp | Aufsätze |
| Ausgeschieden | Verloren | Klassifikation oder Aufstellungssystematik | Beschädigt | Nicht entleihbar | Heimatbibliothek | Aufenthaltsbibliothek | Aufstellungsort | Erwerbungsdatum | Anzahl Ausleihen | Signatur | Letzte Aktivität | Preis gültig von | Koha-Medientyp |
|---|---|---|---|---|---|---|---|---|---|---|---|---|---|
| Andere/Generische Klassifikation | Stadtarchiv Frankfurt (Oder) | Archivbibliothek | Stadtarchiv Frankfurt (Oder) | Archivbibliothek | Magazin | 11/01/2024 | Z2 | 11/01/2024 | 11/01/2024 | Aufsätze |